Päťminútovky slovenský jazyk : 2. ročník

Bibliographic Details
Main Author: Krajňák, Pavol (Author)
Corporate Author: Pierot, s.r.o. (Praha, Česko) (Author)
Other Authors: Petrová, Jitka (Illustrator)
Format: Book
Language:Slovak
PhysicalDescription:48 s. ilustr. 21 cm
Published: Praha Pierot [2015]
ISBN:9788073534011
Series:Päťminútovky
Subjects:

MARC

LEADER 00000cam a2200000 a 4500
001 vtls010687375
003 SK-MaSNL
005 20260302014156.0
008 240313q2015 xr a b 000 0 slo
015 |a SNBZSA2015 
020 |a 9788073534011  |q (brož.) 
035 |a 7C3E7969-3353-433F-91E0-01BDADACB6D2 
035 |a urn:nbn:sk:snk-aml1ft 
035 |a urn:nbn:sk:snk-am008n1a 
040 |a SNK  |b slo  |c SNK  |e AACR2 
041 0 |a slo 
044 |a xr  |c CZ 
072 7 |a 811.162.4  |x Slovenčina  |2 konspekt 
072 7 |a 37.016  |x Učebné osnovy. Vyučovacie predmety. Učebnice  |2 konspekt 
080 |a 811.162.4  |2 2001 
080 |a (076.1)  |2 2001 
080 |a 373.3.016  |2 2001 
100 1 |a Krajňák, Pavol  |4 aut  |9 413028 
245 1 0 |a Päťminútovky  |b slovenský jazyk : 2. ročník  |c [text Pavol Krajňák ; ilustrácie Jitka Petrová] 
246 1 |i Názov na rube tit. listu:  |a Päťminútovky zo slovenského jazyka pre 2. ročník 
260 |a Praha  |b Pierot  |c [2015] 
300 |a 48 s.  |b ilustr.  |c 21 cm 
490 1 |a Päťminútovky 
500 |a Ilustrácia na titulnom liste a obálke dokumentu 
650 0 7 |a slovenčina  |2 SNKPH  |9 1350 
650 0 7 |a učivo základných škôl  |2 SNKPH  |9 63300 
650 0 7 |a Slovak language  |x problems, exercises, etc.  |2 SNKPHeng  |9 489339 
650 0 7 |a Elementary school curriculum  |2 SNKPHeng  |9 306214 
655 7 |a pracovné zošity  |2 SNKPH  |9 70188 
655 7 |a Activity books  |2 SNKPHeng  |9 302885 
700 1 |a Petrová, Jitka  |4 ill  |9 335308 
710 2 |a Pierot, s.r.o. (Praha, Česko)  |4 aut  |9 420187 
830 0 |a Päťminútovky  |9 360522 
919 |a 978-80-7353-401-1 
958 |a ZS 
999 |c 1015921  |d 1017851 
952 |a SNK  |b SNK  |y PREZ  |7 0  |p 17A1170094  |o snkSC 166075  |i snk2015/25446  |8 4  |g 2.10  |0 0  |1 0  |4 0  |d 2015-08-20  |f 1  |l 0  |r 2026-02-24 13:07:54  |w 2026-02-24